| 000 | 01032nam a2200289 i 4500 | ||
|---|---|---|---|
| 001 | 190604 | ||
| 003 | ES-MaACL | ||
| 005 | 20250602063237.0 | ||
| 008 | 220112s2021 sp 001 p spa | ||
| 020 | _a978-84-18536-10-6 | ||
| 080 | _a821.112.2(436)-14"19" | ||
| 100 | 1 |
_aLubomirski, Karl, _d1939- _9174053 |
|
| 245 | 1 | 0 |
_aInhabitable poesía roja = _bUnbewohnbares rot gedicht / _cKarl Lubomirski ; traducción de Ilia Galán. |
| 246 | 3 | _aUnbewohnbares rot gedicht | |
| 250 | _a1ª ed. | ||
| 260 |
_aOviedo, Asturias : _bArs Poetica, _c2021. |
||
| 300 |
_a187 p. ; _c21 cm. |
||
| 490 | 1 | _aBeatus ille | |
| 546 | _aTexto en alemán y traducción en español. | ||
| 700 | 1 |
_aGalán, Ilia, _d1966- _9234259 |
|
| 830 | 1 |
_aBeatus ille _9193505 |
|
| 852 | 4 |
_aES-MaACL _jA-14866 _9197782 _bR.153135 _cDEPO1 _dOlim: N-7866 _g Dedicatoria autógrafa _hDonación: Ilian Galán |
|
| 903 |
_9234259 _aGalán, Ilia, _d1966- _ednr |
||
| 942 |
_2udc _cMONOGRAFIA |
||
| 999 |
_c190604 _d190604 |
||